00421nam a2200145Ia 4500008004100000041000900041082001800050100000800068245002900076260004200105300000800147650000800155999001700163952009500180230718s9999 xx 000 0 und d aEng. a342.82bFLY-C afly 0aConsecutional Mistory of aPakistanbصفورک ہاؤسc1958 a144 aLaw c28838d28838 00104070aSIRC-LbSIRC-Ld2023-07-18l0o342.82 FLY-Cp23789r2023-07-18w2023-07-18yBK